00662nam a2200241 a 4500001001300000003000900013005001700022008004100039020001000080082001600090100001500106245002400121260003700145300000900182500003500191505003100226650002400257700001500281902000800296942000700304952009600311999001300407nice12345678IN_TiNIC20260116011337.0050524s1935 newa grp 000 0 eng  ac10000a241.53bFOX aFox, Emmet aSermon on the Mount aNew York bHarper and Row c1935 a154p aincludes index and biblioraphy2 aNotes, Bibliography, Index aSermon on the Mount1 aFox, Emmet bSRS cBK 00104070aHMIbHMId2007-06-29g100.00l0o241.53 FOXp4181r2007-06-29w2026-01-16yARB c700d700